| 000 | 00341cam a22001097a 4500 | ||
|---|---|---|---|
| 008 | 180718b1973 xxu||||| |||| 00| 0 eng d | ||
| 082 | _aA75 M264RA | ||
| 245 |
_aMadhya Pradesh district gazetteers: Raipur _cedited by Rajendra Verma |
||
| 260 |
_aBhopal _bMadhya Pradesh District Gazetteers _c1973 |
||
| 300 | _a691+p. | ||
| 700 | _aVerma, Rajendra | ||
| 999 |
_c487099 _d487099 |
||